000
00215nam a2200109Ia 4500
100
_a
#N/A
942
_c
BK
245
_a
Ubuntu 14.04 LTS; kUBUNTU ; LUBUNTU dvds
260
_b
#N/A
546
_a
ENGLISH
999
_c
33929
_d
33929